00241nam a2200097Ia 4500008004100000082001900041100002200060245001700082260003700099300000700136150731s2013 xx 000 0 und d a615.53bN 13 T aTREEPATHI,INDRDEV aNAADI VIGYAN bCHAUKHAMBHA PUB. NEW DELHIc2013 a42